000 00784nam a22002417a 4500
003 UA-OsUOA
001 49352
007 ta
008 20131219b un ||||| |||| 00| 0 ukr d
100 _aЯмінський Б.
090 _a94(477).04
_bЯ55
942 _cBK
040 _aUA-OsUOA
_bukr
_cUA-OsUOA
_dUA-OsUOA
245 _aВідень 1683: Козаки і Кульчицький
300 _a239 с.
955 _a1
041 _aukr
080 _a94(477).04
260 _aВідень
_bСоюз українських філателістів Австрії
_c1983
650 7 _a9 Географія. Біографії. Історія
_2UDC
999 _c429474
_d429474